Statistics for General Knowledge Quiz #24

Click here to take the quiz!

General Stats

  • This quiz has been taken 111,223 times
    (36,569 since last reset)
  • The average score is 12 of 20

Answer Stats

Question Answer % Correct
How long will you have bad luck if you break a mirror? (according to superstition)Seven Years
83%
Who wrote "The Lord of the Rings"?J.R.R. Tolkien
81%
What number system uses only zeros and ones?Binary
76%
What shape are stop signs in most countries?Octagon
73%
What sport, similar to billiards, is played with one white ball, 15 red balls,
and 6 balls of different colors?
Snooker
70%
On what island would you find Kīlauea, perhaps the world's most active volcano?Hawaii
70%
Who was married to Guinevere?King Arthur
68%
In what city was Muhammad born?Mecca
68%
What movie featured the Stay-Puft Marshmallow Man?Ghostbusters
67%
What is the common name of the mandible?Jawbone
66%
What disease was eradicated in 1979?Smallpox
63%
What word, starting with T, refers to the patterns worn by Scottish clans?Tartan
62%
What country was formed by the union of Aragon and Castile?Spain
61%
What is Dihydrogen Monoxide better known as?Water
60%
What civilization, based around the Yucatán Peninsula, were the only Native American
group to independently develop a written language?
Maya Civilization
53%
What vegetable is named after a European capital city?Brussels Sprouts
48%
What trendy diet suggests that people should only eat what their
pre-agricultural ancestors ate?
Paleo
44%
What British lord is the namesake of hockey's most famous trophy
and Vancouver's most famous park?
Lord Stanley
40%
What beverage is 7 parts tequila, 4 parts triple sec, and 3 parts lime juice?Margarita
38%
What does the harp represent on the coat of arms of Queen Elizabeth II?Ireland
30%

Score Distribution

Percentile by Number Answered

Percent of People with Each Score

Your Score History

You have not taken this quiz since the last reset